书目信息 |
| 题名: |
烂漫饮冰子
|
|
| 作者: | 徐刚 著 | |
| 分册: | ||
| 出版信息: | 北京 作家出版社 2014.1 |
|
| 页数: | 487页,[1] 叶图版 | |
| 开本: | 23cm | |
| 丛书名: | 中国历史文化名人传 | |
| 单 册: | ||
| 中图分类: | B259.15 | |
| 科图分类: | ||
| 主题词: | 思想家--Si Xiang Jia--传记--中国--近代 , 传记--Chuan Ji , 中国--Zhong Guo | |
| 电子资源: | ||
| ISBN: | 978-7-5063-7139-1 | |
| 000 | 01138nam0 22003011 450 | |
| 001 | 349882 | |
| 005 | 20161008155515.00 | |
| 010 | @a978-7-5063-7139-1@dCNY43.00 | |
| 100 | @a20131230d2014 em y0chiy50 ea | |
| 101 | 0 | @achi |
| 102 | @aCN@b110000 | |
| 105 | @aaf z 000yb | |
| 106 | @ar | |
| 200 | 1 | @a烂漫饮冰子@ALan Man Yin Bing Zi@e梁启超传@f徐刚著 |
| 210 | @a北京@c作家出版社@d2014.1 | |
| 215 | @a487页,[1] 叶图版@c图@d23cm | |
| 225 | 2 | @a中国历史文化名人传@AZhong Guo Li Shi Wen Hua Ming Ren Chuan |
| 330 | @a伟大的思想家,伟大的史学家,伟大的教育家,伟大的文学家,一代宗师梁启超的传记。从少年时期的天资聪颖、青年时期的广州求学到他北上北平的从政之路、戊戌变法后的流亡时期投笔从戎、学术研究的重大贡献甚至儿女情长等等方面都做了详细的叙写。 | |
| 461 | 0 | @12001 @a中国历史文化名人传 |
| 517 | 1 | @a梁启超传@ALiang Qi Chao Chuan |
| 600 | 0 | @a梁启超,@ALiang Qi Chao ,@f1873-1929@x传记 |
| 606 | 0 | @a思想家@ASi Xiang Jia@x传记@y中国@z近代 |
| 606 | 0 | @a传记@AChuan Ji |
| 606 | 0 | @a中国@AZhong Guo |
| 690 | @aB259.15@v5 | |
| 701 | 0 | @a徐刚@AXu Gang@4著 |
| 801 | 0 | @aCN@bTANGWEI@20160802 |
| 905 | @b0887235-9@dB259.15@e67@f5 | |
| 烂漫饮冰子:梁启超传/徐刚著.-北京:作家出版社,2014.1 |
| 487页,[1] 叶图版:图;23cm.-(中国历史文化名人传) |
| ISBN 978-7-5063-7139-1:CNY43.00 |
| 伟大的思想家,伟大的史学家,伟大的教育家,伟大的文学家,一代宗师梁启超的传记。从少年时期的天资聪颖、青年时期的广州求学到他北上北平的从政之路、戊戌变法后的流亡时期投笔从戎、学术研究的重大贡献甚至儿女情长等等方面都做了详细的叙写。 |
| ● |
| 相关链接 |
|
|
|
|
正题名:烂漫饮冰子
索取号:B259.15/67
 
预约/预借
| 序号 | 登录号 | 条形码 | 馆藏地/架位号 | 状态 | 备注 |
| 1 | 0887235 | 208872353 | 第一样本阅览室/ [索取号:B259.15/67] | 在馆 | |
| 2 | 0887236 | 208872362 | 第一借阅区/ [索取号:B259.15/67] | 在馆 | |
| 3 | 0887237 | 208872371 | 第一借阅区/ [索取号:B259.15/67] | 在馆 | |
| 4 | 0887238 | 208872380 | 第一借阅区/ [索取号:B259.15/67] | 在馆 | |
| 5 | 0887239 | 208872399 | 第一借阅区/ [索取号:B259.15/67] | 在馆 |